Language Quiz

Random Language or French Quiz

O Canada (in French) Quiz Stats

 Plays Quiz not verified by Sporcle

Challenge
Share
Tweet
Embed
Score 0/16 Timer 04:00
0 Plays Today
English translation French % Correct
O Canada!O Canada!
99.2%
Land of our forefathers,Terre de nos aïeux,
72.9%
Thy historyTon histoire
69.2%
with a glorious garland of flowers!de fleurons glorieux!
58.6%
So also is it ready to carry the cross!Il sait porter la croix!
56.4%
and our rights.et nos droits.
56.4%
and our rights.et nos droits.
56.4%
is an epicest une épopée
56.4%
English translation French % Correct
Thy brow is wreathed Ton front est ceint
54.5%
to wield the sword,porter l'épée,
53.4%
of the most brilliant exploits.Des plus brillants exploits.
53%
Thy valour Et ta valeur,
52.3%
Will protect our homes Protégera nos foyers
52.3%
Will protect our homes Protégera nos foyers
52.3%
As is thy arm ready Car ton bras sait
51.9%
steeped in faithde foi trempée,
35.7%

You're not logged in!

Compare scores with friends on all Sporcle quizzes.
OR
Log In

You Might Also Like...

Show Comments

Extras

Top Quizzes Today


Score Distribution

Your Account Isn't Verified!

In order to create a playlist on Sporcle, you need to verify the email address you used during registration. Go to your Sporcle Settings to finish the process.

Report this User

Report this user for behavior that violates our Community Guidelines.

Details: